| 000 | 00648nam a2200217Ia 4500 | ||
|---|---|---|---|
| 005 | 20250508165549.0 | ||
| 008 | 008 250505s9999 xx 000 0 eng d | ||
| 020 | _a978-0415-49300-0 | ||
| 037 | _aReference | ||
| 040 |
_aFEDL _beng _cFEDL |
||
| 041 |
_aeng _2eng |
||
| 084 |
_a371.822, PAT/RR _qFEDL |
||
| 100 | _aPaik Shailaja | ||
| 245 | 0 | _aDalit women's education in modern India: Double discrimination | |
| 260 |
_aLondon, UK _bRoutledge _c2014 |
||
| 300 | _axiv, 356p. | ||
| 365 |
_aGBP _b95 |
||
| 490 | _aRoutledge Research on Gender in Asia Series | ||
| 942 |
_cREF _h371.822, PAT/RR |
||
| 999 |
_c1395892 _d1395892 |
||